Normal view MARC view

Entry Topical Term

Number of records used in: 1

001 - CONTROL NUMBER

  • control field: 32146

003 - CONTROL NUMBER IDENTIFIER

  • control field: OSt

005 - DATE AND TIME OF LATEST TRANSACTION

  • control field: 20220719112724.0

008 - FIXED-LENGTH DATA ELEMENTS

  • fixed length control field: 220719|| aca||aabn | a|a d

040 ## - CATALOGING SOURCE

  • Original cataloging agency: OSt
  • Transcribing agency: OSt

150 ## - HEADING--TOPICAL TERM

  • Topical term or geographic name entry element: Reservation, Equality, 50% ceiling limit, Constitution, Democracy, Discrimination, Supreme Court, Judicial precedent, Amendment.

670 ## - SOURCE DATA FOUND

  • Source citation: Work cat.: (OSt): Hamid, Touseef and Ahad, Imran 32145, “Correctness of the 50% ceiling limit on reservation under the constitution”

Powered by Koha